[Event "Hofheim Spring op 7th"]
[Site "Hofheim"]
[Date "2019.04.27"]
[Round "9"]
[White "Naundorf, Maik"]
[Black "Isha, Sharma"]
[Result "0-1"]
[WhiteElo "2142"]
[BlackElo "1989"]
[PlyCount "78"]
[EventDate "2019.04.23"]
[EventType "swiss"]
[EventRounds "9"]
[EventCountry "GER"]
[SourceTitle "CBM 190 Extra"]
[Source "ChessBase"]
[SourceDate "2019.07.15"]
[SourceVersion "1"]
[SourceVersionDate "2019.07.15"]
[SourceQuality "1"]

1. c4 e5 2. Nc3 Bb4 3. Nd5 Be7 4. d4 d6 5. Nf3 e4 6. Nd2 c6 7. Nc3 d5 8. e3 Nf6 9. Be2 0-0 10. 0-0 a6 11. c5 Re8 12. b4 Bf8 13. a4 b6 14. Nb3 Nbd7 15. Ba3 bxc5 16. Nxc5 Nxc5 17. dxc5 g6 18. a5 Bg7 19. Na4 Ra7 20. Bb2 Be6 21. Bd4 Ree7 22. Nb6 Qc7 23. Kh1 Ne8 24. Ra2 f5 25. f4 exf3 26. gxf3 f4 27. Ra3 fxe3 28. Bxe3 Qe5 29. Rf2 Bf5 30. Rb3 Bf6 31. Bf1 Be6 32. Ra3 Ng7 33. Re2 Qh5 34. Bf2 Nf5 35. Qe1 Bd4 36. Bg2 Bf7 37. Nc8 Bxf2 38. Nxe7+ Rxe7 39. Qxf2 Rxe2 0-1

[Event "Hofheim Spring op 7th"]
[Site "Hofheim"]
[Date "2019.04.24"]
[Round "3"]
[White "Naundorf, Maik"]
[Black "Humburg, Philipp"]
[Result "0-1"]
[WhiteElo "2142"]
[BlackElo "2244"]
[PlyCount "102"]
[EventDate "2019.04.23"]
[EventType "swiss"]
[EventRounds "9"]
[EventCountry "GER"]
[SourceTitle "CBM 190 Extra"]
[Source "ChessBase"]
[SourceDate "2019.07.15"]
[SourceVersion "1"]
[SourceVersionDate "2019.07.15"]
[SourceQuality "1"]

1. c4 e6 2. Nf3 d5 3. g3 Nf6 4. Bg2 Be7 5. 0-0 0-0 6. b3 b6 7. Bb2 c5 8. e3 Nc6 9. Nc3 Ba6 10. Qe2 Rc8 11. d3 Qd7 12. Rfd1 Rfd8 13. Nb5 Qb7 14. Ne5 Nxe5 15. Bxe5 Bxb5 16. cxb5 Nd7 17. Bb2 Bf6 18. d4 cxd4 19. exd4 Nf8 20. Rac1 Ng6 21. Qd2 Ne7 22. Bh3 Nf5 23. Bxf5 exf5 24. Rxc8 Rxc8 25. Rc1 g6 26. Rc3 Kg7 27. Qc1 Rxc3 28. Qxc3 Qe7 29. Qe3 Qe4 30. Qxe4 fxe4 31. Kf1 Be7 32. Ke2 f5 33. Bc1 g5 34. f3 Kg6 35. g4 exf3+ 36. Kxf3 fxg4+ 37. Kxg4 h5+ 38. Kf3 g4+ 39. Kg2 Kf5 40. h3 Bd6 41. hxg4+ hxg4 42. Bh6 Be7 43. Bg7 Bf6 44. Bf8 Bxd4 45. a4 Bc3 46. b4 Be5 47. a5 d4 48. Bc5 d3 49. Kf2 bxc5 50. b6 axb6 51. a6 Bb8 0-1

[Event "Erfurt MT op 27th"]
[Site "Erfurt"]
[Date "2017.12.28"]
[Round "4"]
[White "Wichmann, Cliff"]
[Black "Naundorf, Maik"]
[Result "1-0"]
[WhiteElo "2314"]
[BlackElo "2156"]
[PlyCount "31"]
[EventDate "2017.12.26"]
[EventType "swiss"]
[EventRounds "8"]
[EventCountry "GER"]
[SourceTitle "CBM 182 Extra"]
[Source "ChessBase"]
[SourceDate "2018.02.23"]
[SourceVersion "1"]
[SourceVersionDate "2018.02.23"]
[SourceQuality "1"]

1. d4 Nf6 2. Nf3 c5 3. d5 e6 4. c4 b5 5. e4 Nxe4 6. Bd3 Nf6 7. 0-0 Be7 8. Nc3 d6 9. dxe6 Bxe6 10. Nxb5 0-0 11. Bf4 a6 12. Nxd6 Nh5 13. Be5 f6 14. Ng5 fxg5 15. Qxh5 h6 16. Qg6 1-0

[Event "Werther Schloss op 21st"]
[Site "Werther"]
[Date "2015.03.27"]
[Round "3"]
[White "Egli, Urs Martin"]
[Black "Naundorf, Maik"]
[Result "1/2-1/2"]
[WhiteElo "2021"]
[BlackElo "2174"]
[PlyCount "57"]
[EventDate "2015.03.26"]
[EventType "swiss"]
[EventRounds "7"]
[EventCountry "GER"]
[SourceTitle "CBM 165 Extra"]
[Source "ChessBase"]
[SourceDate "2015.04.21"]
[SourceVersion "1"]
[SourceVersionDate "2015.04.21"]
[SourceQuality "1"]

1. e4 c5 2. Nf3 g6 3. d4 cxd4 4. Nxd4 Nc6 5. Nc3 Bg7 6. Be3 Nf6 7. Bc4 Qa5 8. 0-0 0-0 9. Bb3 d6 10. h3 Bd7 11. f4 Nxd4 12. Bxd4 Bc6 13. Qd3 Rad8 14. Nd5 Bxd5 15. exd5 Nd7 16. Rfe1 Rfe8 17. Bxg7 Kxg7 18. Qd4+ Kg8 19. c3 Nc5 20. Bc2 e5 21. fxe5 dxe5 22. Rxe5 Rxe5 23. Qxe5 Qb6 24. Rb1 Nd3+ 25. Qd4 Qxd4+ 26. cxd4 Nb4 27. Bb3 Nxd5 28. Rc1 Nb6 29. Rc7 1/2-1/2

[Event "Unna op"]
[Site "Unna"]
[Date "2014.12.30"]
[Round "7"]
[White "Korte, Markus"]
[Black "Naundorf, Maik"]
[Result "1/2-1/2"]
[WhiteElo "1926"]
[BlackElo "2145"]
[PlyCount "41"]
[EventDate "2014.12.27"]
[EventType "swiss"]
[EventRounds "7"]
[EventCountry "GER"]
[SourceTitle "CBM 164 Extra"]
[Source "ChessBase"]
[SourceDate "2015.03.02"]
[SourceVersion "1"]
[SourceVersionDate "2015.03.02"]
[SourceQuality "1"]

1. e4 c5 2. c3 d5 3. exd5 Nf6 4. d4 Nxd5 5. Nf3 cxd4 6. cxd4 g6 7. Bc4 Nb6 8. Bb3 Bg7 9. 0-0 0-0 10. h3 Nc6 11. Be3 Na5 12. Bc2 Be6 13. Nbd2 Rc8 14. b3 Nc6 15. Ne4 Nb4 16. Bb1 Bd5 17. Qd2 Nc6 18. Rd1 Bxe4 19. Bxe4 Nd5 20. Bxd5 Qxd5 21. Rac1 1/2-1/2

[Event "Baden-Baden Grenke op 1st"]
[Site "Baden-Baden"]
[Date "2013.02.11"]
[Round "5"]
[White "Frick, Christoph"]
[Black "Naundorf, Maik"]
[Result "1/2-1/2"]
[WhiteElo "2250"]
[BlackElo "2129"]
[PlyCount "40"]
[EventDate "2013.02.07"]
[EventType "swiss"]
[EventRounds "9"]
[EventCountry "GER"]
[SourceTitle "CBM 152 Extra"]
[Source "ChessBase"]
[SourceDate "2013.02.25"]
[SourceVersion "1"]
[SourceVersionDate "2013.02.25"]
[SourceQuality "1"]

1. e4 c5 2. Nc3 Nc6 3. g3 g6 4. Bg2 Bg7 5. d3 d6 6. Nh3 e5 7. 0-0 Nge7 8. f4 exf4 9. Nxf4 0-0 10. Be3 Rb8 11. Rb1 b5 12. Qd2 b4 13. Ncd5 Nxd5 14. Nxd5 Be6 15. Bg5 f6 16. Be3 Bxd5 17. exd5 Ne5 18. h3 Qd7 19. Qf2 Rbc8 20. Rfe1 f5 1/2-1/2

[Event "Unna op"]
[Site "Unna"]
[Date "2012.12.28"]
[Round "5"]
[White "Torres Kuckel, Rafael"]
[Black "Naundorf, Maik"]
[Result "1/2-1/2"]
[WhiteElo "2301"]
[BlackElo "2129"]
[PlyCount "39"]
[EventDate "2012.12.27"]
[EventType "swiss"]
[EventRounds "7"]
[EventCountry "GER"]
[SourceTitle "CBM 152 Extra"]
[Source "ChessBase"]
[SourceDate "2013.02.25"]
[SourceVersion "1"]
[SourceVersionDate "2013.02.25"]
[SourceQuality "1"]

1. e4 c5 2. Nf3 g6 3. d4 cxd4 4. Qxd4 Nf6 5. Bb5 a6 6. Ba4 b5 7. Bb3 Nc6 8. Qd3 d6 9. Nc3 Bg7 10. 0-0 0-0 11. Bg5 Bg4 12. Rfe1 Rc8 13. a4 Bxf3 14. Qxf3 h6 15. Bh4 g5 16. Bg3 Nd4 17. Qd3 Nd7 18. Rac1 Nc5 19. Qd1 e6 20. axb5 1/2-1/2

[Event "Solingen-ch"]
[Site "Solingen"]
[Date "2011.12.16"]
[Round "7"]
[White "Winkler, Fabian"]
[Black "Naundorf, Maik"]
[Result "1/2-1/2"]
[WhiteElo "1969"]
[BlackElo "2134"]
[PlyCount "81"]
[EventDate "2011.09.23"]
[EventType "swiss"]
[EventRounds "7"]
[EventCountry "GER"]
[SourceTitle "EXT 2015"]
[Source "ChessBase"]
[SourceDate "2014.11.20"]
[SourceVersion "1"]
[SourceVersionDate "2014.11.20"]
[SourceQuality "1"]

1. d4 Nf6 2. c4 g6 3. Nc3 d5 4. cxd5 Nxd5 5. e4 Nxc3 6. bxc3 Bg7 7. Bc4 0-0 8. Be3 c5 9. Ne2 Nc6 10. 0-0 Qc7 11. Qd2 cxd4 12. cxd4 Nxd4 13. Bxf7+ Rxf7 14. Bxd4 e5 15. Rac1 Qd7 16. Be3 Qxd2 17. Bxd2 Be6 18. Rc2 b5 19. Ba5 Rd7 20. Nc3 Rc8 21. Rb2 a6 22. a4 bxa4 23. Nxa4 Rd4 24. Rb4 Rxb4 25. Bxb4 Bf8 26. Bxf8 Kxf8 27. f3 Rc2 28. Ra1 Ke7 29. Nb6 Ra2 30. Rc1 Kd6 31. Nc8+ Bxc8 32. Rxc8 a5 33. Rh8 a4 34. Rxh7 a3 35. Ra7 Ke6 36. Ra6+ Kf7 37. h4 Ra1+ 38. Kh2 a2 39. g4 Kg7 40. Kg2 Kf7 41. Kh2 1/2-1/2

[Event "Rheinland Pfalz op 3rd"]
[Site "Gau Algesheim"]
[Date "2011.08.01"]
[Round "6"]
[White "Bauer, Bjoern Benny"]
[Black "Naundorf, Maik"]
[Result "0-1"]
[WhiteElo "1847"]
[BlackElo "2145"]
[PlyCount "50"]
[EventDate "2011.07.28"]
[EventType "swiss"]
[EventRounds "7"]
[EventCountry "GER"]
[SourceTitle "EXT 2013"]
[Source "ChessBase"]
[SourceDate "2012.11.22"]
[SourceVersion "1"]
[SourceVersionDate "2012.11.22"]
[SourceQuality "1"]

1. d4 Nf6 2. c4 g6 3. Nc3 d5 4. Nf3 Bg7 5. Bf4 0-0 6. e3 c5 7. Bd3 Nc6 8. Ne5 cxd4 9. Nxc6 bxc6 10. exd4 Qb6 11. Ne2 dxc4 12. Bc2 Bg4 13. f3 Be6 14. Rb1 Nd5 15. 0-0 Nxf4 16. Nxf4 Qxd4+ 17. Qxd4 Bxd4+ 18. Kh1 Bd5 19. Rfd1 e5 20. Ne2 c5 21. Nc3 Be6 22. Ne4 Kg7 23. b3 Rab8 24. Nd6 cxb3 25. axb3 Rb4 0-1

[Event "Rheinland Pfalz op 3rd"]
[Site "Gau Algesheim"]
[Date "2011.07.31"]
[Round "7"]
[White "Naundorf, Maik"]
[Black "Sieber, Patrick"]
[Result "1/2-1/2"]
[WhiteElo "2145"]
[BlackElo "2213"]
[PlyCount "150"]
[EventDate "2011.07.28"]
[EventType "swiss"]
[EventRounds "7"]
[EventCountry "GER"]
[SourceTitle "EXT 2013"]
[Source "ChessBase"]
[SourceDate "2012.11.22"]
[SourceVersion "1"]
[SourceVersionDate "2012.11.22"]
[SourceQuality "1"]

1. g3 d5 2. Nf3 Nf6 3. Bg2 c6 4. c4 a6 5. b3 Bf5 6. Bb2 e6 7. 0-0 h6 8. d3 Be7 9. Nbd2 0-0 10. a3 Bh7 11. b4 Nbd7 12. Bc3 Rc8 13. Rc1 Qb6 14. Qb3 c5 15. d4 cxb4 16. c5 Qb5 17. Qxb4 b6 18. Qxb5 axb5 19. c6 Nb8 20. c7 Na6 21. Bb2 Rxc7 22. Rxc7 Nxc7 23. Rc1 Na6 24. Ne5 Ra8 25. Rc6 Rb8 26. e3 b4 27. a4 Bd8 28. Bf1 Nc7 29. Rc1 Nfe8 30. Nc6 Ra8 31. Be2 Kf8 32. Nf3 f6 33. Ne1 Be7 34. Bd1 Bd6 35. Bb3 Na6 36. Kf1 Nec7 37. Ke2 Ke8 38. Nd3 Kd7 39. Rc2 Nb8 40. Nxb8+ Rxb8 41. Bc1 Ra8 42. Ra2 Na6 43. Bd2 Bxd3+ 44. Kxd3 Nb8 45. Rb2 Nc6 46. Bd1 Ra5 47. Ke2 Kc7 48. Bc2 f5 49. h4 g6 50. f4 h5 51. Kd1 Kb7 52. Kc1 Ra8 53. Kb1 Bf8 54. Bb3 Na5 55. Kc2 Rc8+ 56. Kb1 Nc4 57. Bxc4 Rxc4 58. Ka2 Ka6 59. Kb3 Ka5 60. Ra2 Bg7 61. Rb2 Bf6 62. Ra2 Be7 63. Ra1 Bd6 64. Ra2 Ka6 65. Rb2 Rc8 66. Rc2 Rxc2 67. Kxc2 b3+ 68. Kxb3 b5 69. axb5+ Kxb5 70. Bc3 Bc7 71. Bd2 Bb6 72. Bc3 Ba7 73. Bd2 Bb8 74. Be1 Bd6 75. Bc3 Bc7 1/2-1/2